| 000 | 00787cam a22002295a 4500 | ||
|---|---|---|---|
| 001 | 15078140 | ||
| 005 | 20170105102350.0 | ||
| 008 | 071113s2008 nyu 000 0 eng | ||
| 010 | _a 2007941257 | ||
| 020 | _a9780387773193 (hardcover : alk. paper) | ||
| 020 | _a9780387773209 (ebook) | ||
| 040 |
_aDLC _cDLC _dDLC |
||
| 245 | 0 | 0 |
_aSensor and ad-hoc networks : theoretical and algorithmic aspects _btheoretical and algorithmic aspects _c Kami Makki, Xiang-Yang Li, Niki Pissinou. |
| 260 |
_aNew York : _bSpringer, _c2008. |
||
| 263 | _a0803 | ||
| 300 |
_axiii, 311 p. _bill:, _c25 cm. |
||
| 490 | 0 |
_aLecture notes in electrical engineering ; _v7 |
|
| 504 | _aIncludes index. | ||
| 906 |
_a0 _bibc _corignew _d2 _eepcn _f20 _gy-gencatlg |
||
| 942 |
_2ddc _cBK |
||
| 999 |
_c11907 _d11907 |
||